Estudios sobre la canonística portuguesa medieval
Uloženo v:
| Hlavní autor: | |
|---|---|
| Médium: | Kniha |
| Jazyk: | španělština |
| Vydáno: |
Madrid, España
Fundación Universitaria Española
1976
|
| Témata: | |
| Tagy: |
Přidat tag
Žádné tagy, Buďte první, kdo vytvoří štítek k tomuto záznamu!
|
MARC
| LEADER | 00000nam a2200000 a 4500 | ||
|---|---|---|---|
| 001 | UCV0173 | ||
| 003 | CL-VaPUC | ||
| 005 | 20210105001233.0 | ||
| 008 | 880601e19760000SP |||||||||||||||||spa|d | ||
| 999 | |c 208865 |d 208863 | ||
| 040 | |c Pontificia Universidad Católica de Valparaíso | ||
| 082 | 0 | 4 | |a 262.9 GAR 1976 |2 21 |
| 100 | |a García y García, Antonio |e author |9 620175 | ||
| 245 | 1 | 0 | |a Estudios sobre la canonística portuguesa medieval |
| 260 | |a Madrid, España |b Fundación Universitaria Española |c 1976 | ||
| 300 | |a 295 páginas | ||
| 583 | |a last modification |c 19880601 00:00:00 |k Rodrigo Vera | ||
| 650 | 7 | |a DERECHO CANONICO |2 CL-VaPUC |9 294880 | |
| 650 | 0 | |a Iglesia |x HISTORIA |z PORTUGAL |9 255004 | |
| 650 | 7 | |a EDAD MEDIA 600 - 1500 |2 CL-VaPUC |9 255048 | |
| 852 | |a BIBDER | ||
| 942 | |c BK |2 ddc | ||
| 945 | |d 19880601 00:00:00 | ||
| 952 | |0 0 |1 0 |4 0 |6 262_900000000000000_GAR_1976 |7 0 |8 DER_HDC |9 183829 |a BIBDER |b BIBDER |d 2019-11-14 |i 2503093 |o 262.9 GAR 1976 |p 2503093 |r 2023-01-25 |w 2019-11-14 |x Ubicación 4to Piso |y BK |z Estos recursos deben solicitarse con anticipación |k DER | ||